Effect of hill spacing on senkroob rice variety at thmor kol district, battambang province, ឥទ្ធិពលទៅលើចន្លោះគុម្ពទៅលើពូជស្រូវសែនក្រអូបនៅស្រុកថ្មគោល ខេត្តបាត់ដំបង. (Record no. 1444)

000 -LEADER
fixed length control field 00714nam a22001457a 4500
003 - CONTROL NUMBER IDENTIFIER
control field OSt
005 - DATE AND TIME OF LATEST TRANSACTION
control field 20200605151242.0
008 - FIXED-LENGTH DATA ELEMENTS--GENERAL INFORMATION
fixed length control field 150928b xxu||||| |||| 00| 0 eng d
040 ## - CATALOGING SOURCE
Transcribing agency RUA
082 ## - DEWEY DECIMAL CLASSIFICATION NUMBER
Classification number AGR.BB SEM 2010 B060 Or.1
Edition number https://drive.google.com/file/d/1ozcPI_kATfZXupt8QrKfxl3MCkotYapw/view?usp=sharing
100 ## - MAIN ENTRY--PERSONAL NAME
9 (RLIN) 1536
Personal name SEM, TOEUR.
245 ## - TITLE STATEMENT
Title Effect of hill spacing on senkroob rice variety at thmor kol district, battambang province, ឥទ្ធិពលទៅលើចន្លោះគុម្ពទៅលើពូជស្រូវសែនក្រអូបនៅស្រុកថ្មគោល ខេត្តបាត់ដំបង.
300 ## - PHYSICAL DESCRIPTION
Extent XII,40p.
Other physical details ill.
Dimensions 29cm.
942 ## - ADDED ENTRY ELEMENTS (KOHA)
Source of classification or shelving scheme
Koha item type AGR.bb
Holdings
Price effective from Date last seen Permanent Location Not for loan Date acquired Source of classification or shelving scheme Koha item type Lost status Withdrawn status Total Renewals Date last checked out Total Checkouts Shelving location Damaged status Barcode Current Location Full call number
2015-09-282023-11-08Library Block B 2015-09-28 AGR.bb   2023-11-033B060 RUA001833Library Block BAGR.BB SEM 2010 B060 Or.1
2015-09-282015-09-28Library Block B 2015-09-28 AGR.bb     B060 RUA001961Library Block BAGR.BB SEM 2010 B060 Or.2
2015-09-282016-07-08Library Block B 2015-09-28 AGR.bb   2016-07-061B060 RUA001955Library Block BAGR.BB SEM 2010 B060 Or.3
2015-09-282015-09-28Library Block B 2015-09-28 AGR.bb     B060 RUA001667Library Block BAGR.BB SEM 2010 B060 Or.4
2015-09-282015-09-28Library Block B 2015-09-28 AGR.bb     B060 RUA001768Library Block BAGR.BB SEM 2010 B060 Or.5
2015-09-282015-09-28Library Block B 2015-09-28 AGR.bb     B060 RUA001696Library Block BAGR.BB SEM 2010 B060 Or.6
2015-09-282016-09-21Library Block B 2015-09-28 AGR.bb  12016-08-312B060 RUA001762Library Block BAGR.BB SEM 2010 B060 Or.7
2015-09-282020-12-03Library Block B 2015-09-28 AGR.bb   2019-07-262B060 RUA001972Library Block BAGR.BB SEM 2010 B060 Or.8
2019-02-132024-06-25Library Block B 2019-02-13 AGR   2024-06-101B1.218 A36062Library Block BAGR SEM 2010 B1.218 Or.1
2019-02-132019-02-13Library Block B 2019-02-13 AGR     B1.218 A36590Library Block BAGR SEM 2010 B1.218 Or.2
មជ្ឈមណ្ឌលឯការនៃសាកលវិទ្យាល័យភូមិន្ទកសិកម្មចំការដូង

Powered by Koha